000 01084nam a2200217Ia 4500
003 Ost
005 20260507075051.0
008 260507s9999||||xx |||||||||||||| ||und||
040 _cfsecg
041 _aara
082 _a310
100 _aحسون، عدنان
_eمؤلف
245 0 _aمقدمة في الإحصاء /
_c عدنان حسون
260 _aعمان:
_bدار المسيرة للنشر والتوزيع,
_c2002
300 _a319 صفحة؛
_bإيضاحات ؛
_c24 سم
504 _aالمراجع ص. 319
520 _aجمع البيانات وعرضها، مقاييس النزعة المركزية، مكاييس التشتت، مقاييس الالتواء والتفرطح، العلامة المعيارية والتوزيع الطبيعي المعياري، الاحتمالات، الارتباط والانحدار، السلاسل الزمنية، الأرقام القياسية، الاحصاء الحيوية
653 _aالإحصاء - المعاملات الإرتباطية
653 _aالإحصاء الرياضي
942 _cكتاب
999 _c42653
_d42653